Juna-asemat kartalla - Pohjois-Suomi - Statistics

Yleistilastot
  • Tätä visaa on pelattu 280 kertaa
  • Keskiarvotulos 14 / 21
Vastaukset kartalla
Vastauksille on annettu kartalla punavihreä väri sen mukaan, kuinka moni on saanut sen oikein.
 
Vastaustilastot
Vastaus % Oikein
Oulu
99%
Rovaniemi
98%
Kemi
96%
Tornio Itäinen
93%
Kolari
83%
Kemijärvi
81%
Kempele
79%
Ylitornio
76%
Pello
75%
Kajaani
70%
Tervola
65%
Muhos
62%
Vaala
60%
Oulainen
59%
Utajärvi
55%
Paltamo
48%
Vihanti
44%
Muurola
41%
Ruukki
40%
Kontiomäki
33%
Misi
32%
Ehtoja vastaavia visoja ei löytynyt
Tulosjakauma
Jokaisen tuloksen saaneiden osuus
Persentiili vastausten määrän mukaan
Tuloshistoriasi
Et ole pelannut tätä visaa